[Event "Maria Teresa Mora Memorial IM3"]
[Site "Havana"]
[Date "2010.03.13"]
[Round "9"]
[White "Perez Coyula, Rafael Alcides"]
[Black "Roca Rojas, Ana Flavia"]
[Result "1-0"]
[WhiteElo "1994"]
[BlackElo "1983"]
[PlyCount "117"]
[EventDate "2010.03.05"]
[EventType "tourn"]
[EventRounds "11"]
[EventCountry "CUB"]
[SourceTitle "EXT 2019"]
[Source "ChessBase"]
[SourceDate "2018.10.10"]
[SourceVersion "1"]
[SourceVersionDate "2018.10.10"]
[SourceQuality "1"]

1. e4 e5 2. Nf3 Nc6 3. Bb5 a6 4. Ba4 Nf6 5. 0-0 Be7 6. Re1 b5 7. Bb3 d6 8. c3 0-0 9. h3 Na5 10. Bc2 c5 11. d4 Qc7 12. Nbd2 Kh8 13. b3 Bd7 14. Bb2 Ng8 15. Nf1 Bf6 16. Ne3 Be6 17. d5 Bd7 18. Nh2 g6 19. Nhf1 Bg7 20. g4 Nb7 21. c4 b4 22. Ng3 Qd8 23. Bd3 Qe7 24. Kh2 f6 25. h4 Qf7 26. Kg2 Bh6 27. Qe2 Qe7 28. Bc1 Rf7 29. Rf1 Raf8 30. a3 a5 31. h5 g5 32. axb4 cxb4 33. c5 Nxc5 34. Rxa5 Qd8 35. Ra2 Nxb3 36. Rb2 Nd4 37. Qe1 b3 38. Bd2 Qc8 39. f3 Qb8 40. Bc3 Rc8 41. Bxd4 exd4 42. Nef5 Rc3 43. Qd2 Qb6 44. Rfb1 Bxf5 45. Nxf5 Rfc7 46. Qd1 Rb7 47. Be2 d3 48. Bxd3 Bf8 49. Be2 Bg7 50. Qd2 Qc5 51. Nxd6 Rc7 52. Nb5 Rc2 53. Qd3 Rc1 54. Rxc1 Qxc1 55. Rxb3 Rd7 56. Rc3 Qf4 57. Rc8 Bh6 58. Nd4 Qe5 59. Nf5 1-0

[Event "Havana Province zt"]
[Site "Havana"]
[Date "2010.02.21"]
[Round "2"]
[White "Perez Coyula, Rafael Alcides"]
[Black "Cardin Machado, David Gronet"]
[Result "0-1"]
[WhiteElo "1994"]
[BlackElo "2092"]
[PlyCount "72"]
[EventDate "2010.02.20"]
[EventType "swiss"]
[EventRounds "9"]
[EventCountry "CUB"]
[SourceTitle "EXT 2011"]
[Source "ChessBase"]
[SourceDate "2010.11.26"]
[SourceVersion "1"]
[SourceVersionDate "2010.11.26"]
[SourceQuality "1"]

1. e4 e5 2. Nf3 Nc6 3. Bb5 a6 4. Ba4 Nf6 5. 0-0 Be7 6. Re1 b5 7. Bb3 d6 8. c3 0-0 9. h3 Na5 10. Bc2 c5 11. d4 Qc7 12. Nbd2 Rd8 13. b3 Bd7 14. d5 c4 15. b4 Nb7 16. Nf1 a5 17. Ng3 axb4 18. cxb4 g6 19. Nh2 Ra6 20. Ng4 Nxg4 21. hxg4 Rda8 22. a3 Qd8 23. Nf1 Bg5 24. Bb2 c3 25. Bxc3 Rxa3 26. Bb2 Rxa1 27. Bxa1 Qc8 28. Nh2 Qc4 29. Rf1 Qxb4 30. g3 Ra2 31. f4 Qc5+ 32. Rf2 Bf6 33. fxe5 Bxe5 34. Bxe5 dxe5 35. Qf3 Nd6 36. Bd3 Qd4 0-1

[Event "Havana City-ch"]
[Site "Havana"]
[Date "2009.12.14"]
[Round "2"]
[White "Collazo Perez, Jorge Luis"]
[Black "Perez Coyula, Rafael Alcides"]
[Result "1-0"]
[WhiteElo "2015"]
[BlackElo "1989"]
[PlyCount "43"]
[EventDate "2009.12.13"]
[EventType "swiss"]
[EventRounds "9"]
[EventCountry "CUB"]
[SourceTitle "CBM 134 Extra"]
[Source "ChessBase"]
[SourceDate "2010.03.03"]
[SourceVersion "1"]
[SourceVersionDate "2010.03.03"]
[SourceQuality "1"]

1. e4 c5 2. Nf3 Nc6 3. d4 cxd4 4. Nxd4 g6 5. c4 Bg7 6. Be3 Nf6 7. Nc3 Ng4 8. Nc2 Nxe3 9. Nxe3 0-0 10. Bd3 d6 11. Rc1 f5 12. exf5 gxf5 13. Qh5 Nd4 14. 0-0 Rf6 15. Ncd5 Rh6 16. Qd1 e6 17. Nf4 Qg5 18. g3 Be5 19. Nfg2 f4 20. h4 Qd8 21. Ng4 f3 22. Nxh6+ 1-0

[Event "Havana Municipal-ch 12th"]
[Site "Havana"]
[Date "2009.09.28"]
[Round "10"]
[White "Rama Gonzalez, Ricardo"]
[Black "Perez Coyula, Rafael Alcides"]
[Result "0-1"]
[WhiteElo "2094"]
[BlackElo "1989"]
[PlyCount "60"]
[EventDate "2009.09.15"]
[EventType "swiss"]
[EventRounds "11"]
[EventCountry "CUB"]
[EventCategory "1"]
[SourceTitle "EXT 2012"]
[Source "ChessBase"]
[SourceDate "2011.11.24"]
[SourceVersion "1"]
[SourceVersionDate "2011.11.24"]
[SourceQuality "1"]

1. d4 Nf6 2. Nf3 e6 3. c4 b6 4. Nc3 Bb4 5. e3 c5 6. Bd3 Nc6 7. 0-0 Bxc3 8. bxc3 d6 9. h3 e5 10. Qc2 Qe7 11. dxe5 dxe5 12. e4 Nh5 13. g4 Nf4 14. Bxf4 exf4 15. e5 h5 16. Be4 Bd7 17. g5 Rc8 18. Bd5 Bxh3 19. Qe4 Nd8 20. g6 Rh6 21. gxf7+ Nxf7 22. e6 Ng5 23. Bc6+ Kf8 24. Qxf4+ Rf6 25. Qxg5 Rxc6 26. Rfd1 Rcxe6 27. Kh2 Bg4 28. Rd3 Rxf3 29. Rd8+ Kf7 30. Qd5 Qh4+ 0-1

[Event "Havana Municipal-ch 12th"]
[Site "Havana"]
[Date "2009.09.17"]
[Round "2"]
[White "Fernandez Mayola, Reynold Rafael"]
[Black "Perez Coyula, Rafael Alcides"]
[Result "1/2-1/2"]
[WhiteElo "2052"]
[BlackElo "1989"]
[PlyCount "56"]
[EventDate "2009.09.15"]
[EventType "swiss"]
[EventRounds "11"]
[EventCountry "CUB"]
[EventCategory "1"]
[SourceTitle "EXT 2012"]
[Source "ChessBase"]
[SourceDate "2011.11.24"]
[SourceVersion "1"]
[SourceVersionDate "2011.11.24"]
[SourceQuality "1"]

1. d4 Nf6 2. Nf3 e6 3. g3 b6 4. Bg2 Bb7 5. 0-0 Be7 6. c4 0-0 7. Nc3 Ne4 8. Qc2 f5 9. Nxe4 Bxe4 10. Qc3 d6 11. Nd2 Bxg2 12. Kxg2 c5 13. dxc5 dxc5 14. Qf3 Nd7 15. Qc6 Rf6 16. Nf3 Rc8 17. Qa4 Qc7 18. Rd1 Bd6 19. Bg5 Rf7 20. Rd3 Ne5 21. Nxe5 Bxe5 22. Rad1 Bxb2 23. Rd8+ Rxd8 24. Rxd8+ Rf8 25. Rd7 Qe5 26. Qxa7 Qe4+ 27. Kg1 Qb1+ 28. Kg2 Qe4+ 1/2-1/2

[Event "Havana Municipal-ch 12th"]
[Site "Havana"]
[Date "2009.09.15"]
[Round "1"]
[White "Perez Coyula, Rafael Alcides"]
[Black "Infante Machin, Brian Jose"]
[Result "1/2-1/2"]
[WhiteElo "1989"]
[BlackElo "2153"]
[PlyCount "51"]
[EventDate "2009.09.15"]
[EventType "swiss"]
[EventRounds "11"]
[EventCountry "CUB"]
[EventCategory "1"]
[SourceTitle "EXT 2012"]
[Source "ChessBase"]
[SourceDate "2011.11.24"]
[SourceVersion "1"]
[SourceVersionDate "2011.11.24"]
[SourceQuality "1"]

1. e4 d5 2. exd5 Nf6 3. d4 Nxd5 4. c4 Nf6 5. Nf3 g6 6. Nc3 Bg7 7. Be2 0-0 8. 0-0 c6 9. h3 Nbd7 10. Be3 Qc7 11. Rc1 a6 12. b4 b6 13. Qd2 Rd8 14. a3 e5 15. Bd3 exd4 16. Bxd4 c5 17. bxc5 Nxc5 18. Bxf6 Rxd3 19. Nd5 Qd6 20. Be7 Qe6 21. Qg5 h6 22. Qg3 Rxd5 23. Rfe1 Re5 24. Bxc5 Rxe1+ 25. Rxe1 Qxc4 26. Bxb6 1/2-1/2